| 000 | 01675cad a22001935a 4500 | ||
|---|---|---|---|
| 008 | 101110s2008 xxk f 000 0 eng d | ||
| 020 | _a9781402082290 | ||
| 035 | _a(Sirsi) u151505 | ||
| 041 | 0 | _aeng | |
| 100 | 1 | _aClini, C | |
| 245 | 0 | 0 |
_aSustainable development and environmental management _h[electronic resource] |
| 260 |
_bSpringer Verlag _c2008 |
||
| 300 | _aeBook | ||
| 505 | 2 | _aSustainable development policies -- Water management -- Air quality control -- Waste management -- Energy efficiency and renewables -- Sustainable industrial development -- Sustainable urban development -- Agriculture and natural resource management | |
| 520 | _aThis eBook presents the new EU approach to environmental management and its attempt to place it in the perspective of sustainable development. China and other large and fast growing economies are putting increasing pressures on global environment, but they are also looking at the European experience with great interest. To present critically this experience can help those countries avoid the mistakes made by developed countries in dealing with the relation between economic growth and environmental protection, and to improve the institutions and tools for better environmental governance. The variety of issues covered and the wide approach used in this book make it a useful tool for readers who want to place themselves in this perspective, although starting from different backgrounds and levels of knowledge on environmental and sustainability sciences. | ||
| 651 | 4 | _aENGLAND AND WALES | |
| 856 | 4 | 0 |
_uhttps://www.vlebooks.com/ _zView on VLEbooks. Logins for members only from [email protected] |
| 942 | _n0 | ||
| 999 |
_c111414 _d111414 |
||